01204nam a2200301Ia 4500001001200000003000800012006001900020007001500039008004100054020004000095040002100135035002000156050002300176082001400199100003000213245014500243260004300388300001600431504004100447533015200488650002300640650002400663655002900687700002400716710001700740856012600757999001900883ebr10124756CaPaEBRm u cr cn|||||||||040326s2004 flu sb 000 0 eng d z1932159304 (hardcover : alk. paper) aCaPaEBRcCaPaEBR a(OCoLC)6967851314aTS157b.M39 2004eb04a658.52221 aMcKay, Kenneth N.,d1953-10aPractical production controlh[electronic resource] :ba survival guide for planners and schedulers /cKenneth N. McKay, Vincent C.S. Wiers. aBoca Raton, FL :bJ. Ross Pub.,c2004. axix, 269 p. aIncludes bibliographical references. aElectronic reproduction.bPalo Alto, Calif. :cebrary,d2009.nAvailable via World Wide Web.nAccess may be limited to ebrary affiliated libraries. 0aInventory control. 0aProduction control. 7aElectronic books.2local1 aWiers, Vincent C.S.2 aebrary, Inc.40uhttp://site.ebrary.com/lib/rucke/Doc?id=10124756zAn electronic book accessible through the World Wide Web; click to view c109486d109486